| 000 | 00923nam a2200217Ii 4500 | ||
|---|---|---|---|
| 003 | JO-AjNU | ||
| 008 | 230605s9999||||xx |||||||||||||| ||und|| | ||
| 017 | _a2001/3418 | ||
| 020 | _a977-04-3299-7 | ||
| 040 |
_aJO-AjNU _bara _erda _cJO-AjNU |
||
| 041 | _aara | ||
| 050 | 1 | 4 | _aJX1974.73.M83.2001 |
| 100 | 3 |
_aنعمان، محمد عبدالله, _eauthor _953151 |
|
| 245 | 0 | 0 | _aضمانات استخدام الطاقة النووية في الأغراض السلمية : دراسة قانونية في ضوء القواعد والوثائق الدولية |
| 264 | 3 | 1 | _aد،م : د،ن، 2001 |
| 300 |
_a247ص _bيشتمل على ملاحق ص( 176-232) ويشتمل على مراجع ببلوغرافيةص(233-243) |
||
| 336 |
_atext _btxt _2rdacontent |
||
| 337 |
_aunmediated _bn _2rdamedia |
||
| 338 |
_avolume _bnc _2rdacarrier |
||
| 650 | 4 |
_aالطاقة النووية -- قوانين وتشريعات _953152 |
|
| 999 |
_aA23588 _c27156 _d27156 |
||